APEC Schools

The Sword of summer / (Record no. 7090)

000 -LEADER
fixed length control field nam a22 7a 4500
005 - DATE AND TIME OF LATEST TRANSACTION
control field 20190214023342.0
008 - FIXED-LENGTH DATA ELEMENTS--GENERAL INFORMATION
fixed length control field 190214b xxu||||| |||| 00| 0 eng d
020 ## - IDENTIFIER FOR THE MANIFESTATION
Identifier for the Manifestation 9781423163374
Binding paperback
040 ## - CATALOGING SOURCE
Language of Cataloging eng
Transcribing Agency APEC Schools Library
Description Conventions rda
082 ## - DEWEY DECIMAL CLASSIFICATION NUMBER
Classification number Fic
Author's Number R585s 2015
100 ## - CREATOR
Preferred Name of the Person Riordan, Rick
245 ## - TITLE AND STATEMENT OF RESPONSIBILITY
Preferred Title Proper The Sword of summer /
Statement of Responsibility/Parallel Statement of Responsibility Rick Riordan
264 ## - PUBLICATION STATEMENT
Place of publication, distribution, etc Los Angeles :
Publisher's Name/Parallel Publisher's Name Disney, Hyperion,
Copyright ©2015.
300 ## - PHYSICAL DESCRIPTION
Extent ix, 497 pages ;
Dimensions 18 cm.
336 ## - RDA CONTENT
Source rdacontent
Content Type text
337 ## - RDA MEDIA
Source rdamedia
Media Type unmediated
338 ## - RDA CARRIER
Source rdacarrier
Carrier Type volume
490 ## - SERIES STATEMENT
Title Proper of Series Magnus Chase and the gods of Asgard series.
942 ## - ADDED ENTRY ELEMENTS (KOHA)
Source of Classification
Koha Item Type Books
Holdings
Library Site Location Shelving Location Source of Acquisition Full Classification Number Accession Number Koha Item Type
APEC C. Raymundo Library APEC C. Raymundo Library Fiction Donation Fic R585s 2015 A07-0000244 Fiction
APEC G. Tuazon Library APEC G. Tuazon Library Fiction Institutional Fund Fic R585s 2015 B05-0000136 Fiction
APEC San Pablo, Laguna Library APEC San Pablo, Laguna Library Fiction Institutional Fund Fic R585s 2015 D01-0000038 Fiction

Powered by Koha